Ci vuole orecchio (Lp Smrl 6266) (Record n. 101704)
[ formato base ]
| 000 -LEADER | |
|---|---|
| fixed length control field | 01751njm a2200385Ia 4500 |
| 001 - CONTROL NUMBER | |
| control field | 20722 |
| 003 - CONTROL NUMBER IDENTIFIER | |
| control field | IT-RoPAU |
| 005 - DATE AND TIME OF LATEST TRANSACTION | |
| control field | 20220918181146.0 |
| 008 - FIXED-LENGTH DATA ELEMENTS--GENERAL INFORMATION | |
| fixed length control field | 131025s9999 xx 000 0 und d |
| 040 ## - CATALOGING SOURCE | |
| Original cataloging agency | IT-RoPAU |
| 040 ## - CATALOGING SOURCE | |
| Transcribing agency | IT-RoPAU |
| 041 ## - LANGUAGE CODE | |
| Language code of text/sound track or separate title | ITALIANO |
| 999 ## - SYSTEM CONTROL NUMBERS (KOHA) | |
| Koha Dewey Subclass [OBSOLETE] | n.d. |
| 100 ## - MAIN ENTRY--PERSONAL NAME | |
| Personal name | Jannacci Enzo |
| 9 (RLIN) | 2731 |
| 100 ## - MAIN ENTRY--PERSONAL NAME | |
| Relator term | Autore musica |
| 9 (RLIN) | 2732 |
| 100 ## - MAIN ENTRY--PERSONAL NAME | |
| Miscellaneous information | Codice autore musica SPICS: 10956 |
| 9 (RLIN) | 2733 |
| 245 ## - TITLE STATEMENT | |
| Title | Ci vuole orecchio (Lp Smrl 6266) |
| 250 ## - EDITION STATEMENT | |
| Edition statement | 1a ed. |
| 260 ## - PUBLICATION, DISTRIBUTION, ETC. (IMPRINT) | |
| Place of publication, distribution, etc. | MILANO |
| 260 ## - PUBLICATION, DISTRIBUTION, ETC. (IMPRINT) | |
| Name of publisher, distributor, etc. | RICORDI |
| Date of publication, distribution, etc. | 1980 [1a Ed.:1980 - Ed. Lingua Orig.: 1980] |
| 300 ## - PHYSICAL DESCRIPTION | |
| Extent | DISCO |
| 300 ## - PHYSICAL DESCRIPTION | |
| Dimensions | 36 minuti (Testo: pag.) |
| 500 ## - GENERAL NOTE | |
| General note | Canzone italiana. Cantautore. Suonare, cantare, vita, amore, festa |
| 505 ## - FORMATTED CONTENTS NOTE | |
| Formatted contents note | Musical (5:57) - Fotoricordo... il mare (4:22) - Quello che canta Onliù (4:02) - Si vede (4:07) - Ci vuole orecchio (6:06) - La sporca vita (2:34) - Silvano (4:08) - Il dritto (4'25) |
| 650 ## - SUBJECT ADDED ENTRY--TOPICAL TERM | |
| Topical term or geographic name as entry element | CANTAUTORI [DISCHI] |
| Relator term | Codice MATERIA SPICS: 9950 |
| 9 (RLIN) | 2734 |
| 700 ## - ADDED ENTRY--PERSONAL NAME | |
| Personal name | Jannacci Enzo |
| Relator term | Autore testo e musica |
| Miscellaneous information | Codice autore testo/musica SPICS: 10956 |
| 9 (RLIN) | 2735 |
| 700 ## - ADDED ENTRY--PERSONAL NAME | |
| Personal name | Vignali |
| Miscellaneous information | Codice autore musica SPICS: 22927 |
| Relator term | Autore musica |
| Name of part/section of a work | Ci vuole orecchio |
| 9 (RLIN) | 2736 |
| 700 ## - ADDED ENTRY--PERSONAL NAME | |
| Personal name | Mozzati |
| Miscellaneous information | Codice autore SPICS: 22926 |
| Relator term | Autore |
| Name of part/section of a work | Ci vuole orecchio |
| 9 (RLIN) | 2737 |
| 700 ## - ADDED ENTRY--PERSONAL NAME | |
| Personal name | Conte Paolo |
| Miscellaneous information | Codice autore testo/musica SPICS: 7844 |
| Relator term | Autore testo/musica |
| Name of part/section of a work | La sporca vita |
| 9 (RLIN) | 2738 |
| 700 ## - ADDED ENTRY--PERSONAL NAME | |
| Personal name | Pozzetto |
| Miscellaneous information | Codice autore musica SPICS: 13964 |
| Relator term | Autore musica SPICS: 13964 |
| Name of part/section of a work | Silvano |
| 9 (RLIN) | 2739 |
| 700 ## - ADDED ENTRY--PERSONAL NAME | |
| Personal name | Ponzoni |
| Miscellaneous information | Codice autore SPICS: 22923 |
| Relator term | Autore |
| Name of part/section of a work | Silvano |
| 9 (RLIN) | 2740 |
| 700 ## - ADDED ENTRY--PERSONAL NAME | |
| Personal name | De Luca N. |
| Miscellaneous information | Codice autore musica SPICS: 22924 |
| Relator term | Autore musica |
| Name of part/section of a work | Il dritto |
| 9 (RLIN) | 2741 |
| 700 ## - ADDED ENTRY--PERSONAL NAME | |
| Personal name | Parenzo |
| Miscellaneous information | Codice autore SPICS: 22925 |
| Relator term | Autore |
| Name of part/section of a work | Il dritto |
| 9 (RLIN) | 2742 |
| 942 ## - ADDED ENTRY ELEMENTS (KOHA) | |
| Koha item type | DISCHI |
| Source of classification or shelving scheme | Dewey Decimal Classification |
| Withdrawn status | Lost status | Damaged status | Not for loan | Home library | Current library | Date acquired | Total Checkouts | Full call number | Date last seen | Price effective from | Koha item type | Public note |
|---|---|---|---|---|---|---|---|---|---|---|---|---|
| Buone Condizioni | Not For Loan | SPICS-MEDIATECA | SPICS-MEDIATECA | 25/10/2013 | 20722 | 25/10/2013 | 25/10/2013 | DISCHI | Progr. Ins.: 4025 / N.Vol.: 1 / Copie: 1 - Copia rara: n.d. / date import: 01.01.2014 - By Epidotti, Trombetti, Vaglietti |